Handbook of the sociology of emotions
Saved in:
| Other Authors: | , |
|---|---|
| Format: | Book |
| Language: | English |
| Published: |
New York, NY :
Springer,
2007.
|
| Series: | Handbooks of sociology and social research
|
| Subjects: | |
| Online Access: | Library of Congress |
| Tags: |
Add Tag
No Tags, Be the first to tag this record!
|
MARC
| LEADER | 00000nam a2200000 a 4500 | ||
|---|---|---|---|
| 001 | 1/107209 | ||
| 008 | 150703s2007####nyu| ||| |||| ||eng|| | ||
| 020 | |a 9780387739915 | ||
| 040 | |a GR-MyUa |b gre |c GR-MyUa |e AACR2 | ||
| 041 | 0 | |a eng | |
| 082 | 7 | |a 302.1 |2 (23) | |
| 245 | 0 | 0 | |a Handbook of the sociology of emotions / |c edited by Jan Stets and Jonathan Turner. |
| 260 | |a New York, NY : |b Springer, |c 2007. | ||
| 300 | |a xiii, 657 σ. ; |c 26 εκ. | ||
| 490 | 1 | |a (Handbooks of sociology and social research) | |
| 650 | 0 | |a Emotions |x Social aspects. | |
| 650 | 0 | |a Social psychology. | |
| 700 | 1 | |a Stets, Jan E. |e edtf | |
| 700 | 1 | |a Turner, Jonathan H. |e edt | |
| 830 | 0 | |a Handbooks of sociology and social research | |
| 852 | |a INST |b LESVOS |c BK |e 20150703 |h 302.1 HAN |p 005100057008 |q 005100057008 |t BK |y 0 | ||
| 856 | |3 Πίνακας περιεχομένων: |z Library of Congress |u http://www.loc.gov/catdir/toc/fy0709/2005936762.html | ||
| 922 | |a 1ΕΛΗ |b 2015-04 |c Τμήμα Κοινωνιολογίας |d Διαδρομές | ||
| 970 | |a Τζαφέρη |b Ευαγγελία |z 03-07-2015 | ||